Normal view
MARC view
Entry Personal Name
001 - CONTROL NUMBER
- control field: 265353
003 - CONTROL NUMBER IDENTIFIER
- control field: OSt
005 - DATE AND TIME OF LATEST TRANSACTION
- control field: 20260605122436.0
008 - FIXED-LENGTH DATA ELEMENTS
- fixed length control field: 260605|| aca||aabn | a|a d
040 ## - CATALOGING SOURCE
- Original cataloging agency: OSt
- Transcribing agency: OSt
100 ## - HEADING--PERSONAL NAME
- Personal name: KATTIMANI (R V).
- Dates associated with a name: ಆರ್.ವಿ. ಕಟ್ಟಿಮನಿ
670 ## - SOURCE DATA FOUND
- Source citation: Work cat.: (OSt)104528: KATTIMANI (R V). ಆರ್.ವಿ. ಕಟ್ಟಿಮನಿ, Manasika vottadadinda muktaraguvudu hege?, 2000